[Event "IHEM"]
[Site "Hamburg"]
[Date "1999.05.23"]
[Round "2.6"]
[White "Bekker Jensen, David"]
[Black "Mueller, Karsten"]
[Result "1/2-1/2"]
[WhiteElo "2263"]
[BlackElo "2558"]

1.d4 d5 2.c4 c6 3.Nc3 Nf6 4.e3 e6 5.Nf3 Nbd7 6.Qc2 Bd6 7.Bd3 O-O 8.O-O dxc4
9.Bxc4 b5 10.Be2 Bb7 11.Rd1 Qc7 12.b3 e5 13.Ne4 Nxe4 14.Qxe4 c5 15.Qh4 cxd4
16.exd4 Qc2 17.Ba3 Qxe2 18.Bxd6 Rfe8 19.Rd2 Qe4 20.Qxe4 Bxe4 21.Nxe5 Nxe5
22.dxe5 Rac8 23.f3 Bf5 24.Kf2 f6 25.exf6 gxf6 26.a4 bxa4 27.Rxa4 Rc2 28.Rxc2 Bxc2
29.Rxa7 Bxb3 30.Bc5 Bc2 31.Bd4 Re6 32.g4 Bd1 33.Ra1  1/2-1/2

[Event "Santo Antonio"]
[Site "Santo Antonio"]
[Date "1999.05.23"]
[Round "9"]
[White "Yakovich, Yuri"]
[Black "Hamdouchi, Hichem"]
[Result "1/2-1/2"]
[WhiteElo "2565"]
[BlackElo "2564"]

1.d4 d5 2.c4 c6 3.Nc3 Nf6 4.e3 e6 5.Nf3 Nbd7 6.Bd3 dxc4 7.Bxc4 b5 8.Bd3 Bb7
9.O-O a6 10.e4 c5 11.d5 Qc7 12.dxe6 fxe6 13.Bc2 Be7 14.Ng5 Qc6 15.f4 h6 16.Nf3 O-O-O
17.Qe2 b4 18.e5 bxc3 19.exf6 gxf6 20.bxc3 Nb6 21.Bd2 Rhg8 22.Rae1 f5 23.Rf2 Rd6
24.Bxf5  1/2-1/2

[Event "BCF-chT 98/99 (4NCL)"]
[Site "GBR"]
[Date "1999.05.24"]
[Round "10"]
[White "Pert, Nicholas"]
[Black "Ansell, Simon"]
[Result "1/2-1/2"]
[WhiteElo "2443"]
[BlackElo "2400"]

1.d4 d5 2.c4 c6 3.Nc3 Nf6 4.e3 e6 5.Nf3 Nbd7 6.Bd3 Bd6 7.e4 dxe4 8.Nxe4 Nxe4
9.Bxe4 Nf6 10.Bc2 O-O 11.O-O h6 12.b3 c5 13.Bb2 b6 14.Qd3 cxd4 15.Nxd4 Bb7
16.Rfe1 Re8 17.Rad1 Bb4 18.Re5 Qb8 19.f4 Bc5 20.Kh1 Qd6 21.Qg3 Rad8 22.Nf3 Qe7
23.Rde1 Ba3 24.Ba1 Bb4 25.Rf1 Bd6 26.Re2 Nh5  1/2-1/2

[Event "CRO-Cup"]
[Site "Pula"]
[Date "1999.05.24"]
[Round "1"]
[White "Kurajica, Bojan"]
[Black "Mufic, Goran"]
[Result "1-0"]
[WhiteElo "2536"]
[BlackElo "2359"]

1.d4 d5 2.c4 c6 3.Nc3 Nf6 4.e3 e6 5.Nf3 Nbd7 6.Bd3 Bd6 7.O-O O-O 8.e4 dxe4
9.Nxe4 Nxe4 10.Bxe4 e5 11.Bc2 Re8 12.Bg5 f6 13.c5 Bc7 14.Bh4 exd4 15.Nxd4 Nf8
16.Qd3 Be6 17.Rad1 Be5 18.Qc3 Qc7 19.Nxe6 Nxe6 20.Qh3 Nf4 21.Qf5 g6 22.Bb3+ Kf8
23.Qc2 Rad8 24.g3 Ne6 25.f4 Bd4+ 26.Kg2 Kg7 27.Bxe6 Rxe6 28.f5 Re5 29.fxg6 Rxc5
30.Bxf6+  1-0

[Event "CRO-Cup"]
[Site "Pula"]
[Date "1999.05.24"]
[Round "1"]
[White "Kutuzovic, Branko"]
[Black "Dutina, Dario"]
[Result "1-0"]
[WhiteElo "2465"]
[BlackElo "2326"]

1.Nf3 d5 2.c4 c6 3.d4 Nf6 4.Nc3 e6 5.e3 Nbd7 6.Qc2 Bd6 7.Be2 O-O 8.O-O Qe7
9.Rd1 dxc4 10.Bxc4 e5 11.h3 h6 12.Nh4 Nb6 13.Bb3 Re8 14.Ng6 Qc7 15.Nxe5 Bxe5
16.dxe5 Qxe5 17.e4 Be6 18.Bxe6 Rxe6 19.f3 Nh5 20.Qf2 g5 21.Be3 Nf4 22.Rac1 Rae8
23.Bd4 Qa5 24.Kh2 Nc4 25.g3 Nh5 26.b3 Nd6 27.Bxa7 f5 28.Bc5 Nb5 29.exf5 Nxc3
30.fxe6 Nxd1 31.Rxd1 Rxe6 32.b4 Qc7 33.Bb6 Qe7 34.Rd2 Qxb4 35.Rd8+ Kf7 36.Rd7+ Kf8
37.Qc2 Ng7 38.Bd4 Qb5  1-0

[Event "CRO-Cup"]
[Site "Pula"]
[Date "1999.05.25"]
[Round "2"]
[White "Rukavina, Damir"]
[Black "Rogic, Davor"]
[Result "0-1"]
[WhiteElo "2313"]
[BlackElo "2475"]

1.Nf3 d5 2.c4 c6 3.e3 Nf6 4.Nc3 e6 5.d4 Nbd7 6.Qc2 Bd6 7.Be2 O-O 8.O-O dxc4
9.Bxc4 a6 10.h3 c5 11.a4 Qc7 12.Ba2 b6 13.d5 exd5 14.Nxd5 Nxd5 15.Bxd5 Rb8
16.Nd2 Nf6 17.Bf3 b5 18.axb5 axb5 19.Ne4 Nxe4 20.Bxe4 h6 21.Rd1 Bb7 22.Bxb7 Rxb7
23.b3 Bh2+ 24.Kh1 Be5 25.Bb2 Bxb2 26.Qxb2 Rd8 27.Rxd8+ Qxd8 28.Qe5 c4 29.bxc4 bxc4
30.Ra6 Qc8 31.Qa5 c3 32.Ra8 Rb1+ 33.Kh2 Rb8 34.Ra7 c2 35.Qh5 Kh8 36.Qxf7 Qc3
37.Qc7 Rc8  0-1

[Event "IHEM"]
[Site "Hamburg"]
[Date "1999.05.26"]
[Round "5.10"]
[White "Hegeler, Frank"]
[Black "Rogozenko, Dorin"]
[Result "0-1"]
[WhiteElo "2356"]
[BlackElo "2557"]

1.d4 Nf6 2.c4 e6 3.Nf3 d5 4.Nc3 c6 5.e3 Nbd7 6.Bd3 dxc4 7.Bxc4 b5 8.Bd3 a6
9.e4 c5 10.d5 c4 11.Bc2 Qc7 12.dxe6 fxe6 13.O-O Bc5 14.e5 Nxe5 15.Bf4 Bd6
16.Bxe5 Bxe5 17.Nxe5 Qxe5 18.Re1 Qc7 19.a4 Rb8 20.axb5 axb5 21.Nxb5 Rxb5
22.Ba4 Qb8 23.Bxb5+ Qxb5 24.Qa4 Qxa4 25.Rxa4 Ke7 26.Rxc4 Bd7 27.f4 Kd6 28.Rd1+ Nd5
29.Rcd4 Bc6 30.Kf2 Rf8 31.Kg3 Ke7 32.Rc1 Kd6 33.Rcd1 Rb8 34.b4 Ke7 35.Rb1 Ra8
36.Rb2 Ra3+ 37.Kf2 Nc3 38.Ke1 Ra1+ 39.Kd2 Nb5 40.Rd3 Nd6 41.Kc3 Rc1+ 42.Kd2 Rf1
43.Kc3 Rxf4 44.Re3 Nc4  0-1

[Event "Ostrava zt (Women)"]
[Site "Ostrava"]
[Date "1999.05.27"]
[Round "6"]
[White "Goczo, Melinda"]
[Black "Jicman, Ligia"]
[Result "0-1"]
[WhiteElo "2191"]
[BlackElo "2236"]

1.d4 d5 2.c4 c6 3.Nc3 Nf6 4.e3 e6 5.Nf3 Bd6 6.Qc2 Nbd7 7.Be2 O-O 8.O-O Qe7
9.Rd1 dxc4 10.Bxc4 e5 11.e4 exd4 12.Nxd4 Ne5 13.Bf1 Ng6 14.h3 Re8 15.Re1 Nh4
16.f4 Bc5 17.Be3 Bxh3 18.b4 Bxd4 19.Bxd4 Be6 20.Bc5 Qc7 21.e5 Nd7 22.Bf2 Bf5
23.Qc1 Qd8 24.Qd1 Ng6 25.g4 Be6 26.f5 Bxf5 27.gxf5 Qg5+ 28.Bg2 Nf4 29.Qf3 Nxe5
30.Qg3 Qxf5 31.Ne4 Rad8 32.Rad1 Rxd1 33.Rxd1 Ne2+  0-1

[Event "CRO-Cup"]
[Site "Pula"]
[Date "1999.05.28"]
[Round "5"]
[White "Kozul, Zdenko"]
[Black "Tukmakov, Vladimir B"]
[Result "1-0"]
[WhiteElo "2585"]
[BlackElo "2581"]

1.d4 d5 2.c4 c6 3.e3 Nf6 4.Nc3 e6 5.Nf3 Nbd7 6.Bd3 dxc4 7.Bxc4 b5 8.Bd3 Bb7
9.a3 Bd6 10.Ng5 e5 11.Qf3 Qc7 12.Qh3 h6 13.Nge4 O-O 14.O-O Rad8 15.Rd1 Rfe8
16.Qg3 Be7 17.Nxf6+ Bxf6 18.e4 Nf8 19.d5 Ng6 20.Qf3 Nh4 21.Qe2 a6 22.dxc6 Bxc6
23.Nd5 Bxd5 24.exd5 e4 25.Bxe4 Be5 26.g3 f5 27.d6 Bxd6 28.Bd5+ Kh7 29.Qh5 Ng6
30.Bg5 Rc8 31.Be3 f4 32.Rac1 Qe7 33.Rxc8 Rxc8 34.gxf4 Rf8 35.f5 Nf4 36.Qg4 Qe5
37.Ba2 Bb8 38.Rd7 h5 39.Qxf4 Qxf4 40.Bxf4 Bxf4 41.Ra7 Bc1 42.b3 Bxa3 43.Rxa6 Be7
44.Bb1 Rf6 45.Ra8 b4 46.Kg2 Bf8 47.h4 Kh6 48.Bd3 Kh7 49.Be4 Kh6 50.Kf1 Kh7
51.Ke2 Kh6 52.Rc8 Rf7 53.Rb8 Rf6 54.Kd3 Rf7 55.Kc4 Rf6 56.f3 Rf7 57.Rd8 Rf6
58.Kd5 Rf7 59.Ke5 Rf6 60.Bd5 Kh7 61.Be6 Kh6 62.f4 Kh7 63.Rd7 Bc5 64.Rc7 Bf2
65.Rc8 Bxh4 66.Bg8+ Kh6 67.Bf7 g6 68.fxg6 Rb6 69.Rh8+ Kg7 70.Rh7+ Kf8 71.Be6  1-0

[Event "IHEM"]
[Site "Hamburg"]
[Date "1999.05.30"]
[Round "9.14"]
[White "Sass, Andreas"]
[Black "Maahs, Erich"]
[Result "1/2-1/2"]
[WhiteElo "2146"]
[BlackElo "2203"]

1.d4 d5 2.c4 c6 3.Nf3 Nf6 4.Nc3 e6 5.e3 Nbd7 6.Bd3 Bb4 7.Qc2 O-O 8.O-O Re8
9.a3 Bd6 10.h3 Qe7 11.e4 dxc4 12.Bxc4 e5 13.Be3 Nh5 14.Rfe1 exd4 15.Bxd4 Ne5
16.Nxe5 Bxe5 17.Bxe5 Qxe5 18.Rad1 Nf4 19.Re3 Be6 20.Bxe6 Rxe6 21.Ne2 Nxe2+
22.Qxe2 a5 23.Qd2 Rae8 24.b4 axb4 25.Qxb4 b5 26.a4 Ra8 27.axb5 cxb5 28.Rb1 Ra1
29.Rb3 Rc6 30.Qd2 Rxb1+ 31.Rxb1 h6 32.Qd8+ Kh7 33.Qd5 Qc7 34.Qxb5 g6 35.Re1  1/2-1/2

[Event "Pula op 13th"]
[Site "Pula"]
[Date "1999.05.30"]
[Round "2"]
[White "Sitnik, Igor"]
[Black "Waldmann, Gerald"]
[Result "1-0"]
[WhiteElo "2312"]
[BlackElo "2155"]

1.d4 d5 2.c4 c6 3.Nf3 Nf6 4.Nc3 e6 5.e3 Nbd7 6.Qc2 Bd6 7.Bd3 dxc4 8.Bxc4 O-O
9.O-O Qe7 10.e4 e5 11.h3 exd4 12.Nxd4 Ne5 13.Be2 Ng6 14.f4 Re8 15.Nf5 Bxf5
16.exf5 Nf8 17.Bf3 Qc7 18.g3 N8d7 19.Bd2 Nb6 20.Rae1 Nc4 21.Kg2 Nxd2 22.Qxd2 Bb4
23.a3 Rxe1 24.Rxe1 Rd8 25.Qc2 Bxc3 26.Qxc3 Qd6 27.Re2 h6 28.Qe5 Qd3 29.Qc7 Qd7
30.Qxd7 Rxd7 31.g4 Kf8 32.g5 Nd5 33.Kg3 Rd6 34.Kg4 Nb6 35.f6 Nd7 36.fxg7+ Kxg7
37.h4 Nc5 38.f5 hxg5 39.hxg5 Rd4+ 40.Kg3 Rd3 41.Re8 f6 42.Re7+ Kf8 43.gxf6 Rd7
44.b4  1-0

[Event "Magen Memorial"]
[Site "Petah-Tikva"]
[Date "1999.06.01"]
[Round "4"]
[White "Tsesarsky, Ilya"]
[Black "Erenburg, Sergey"]
[Result "0-1"]
[WhiteElo "2430"]
[BlackElo "2362"]

1.Nf3 d5 2.d4 Nf6 3.c4 c6 4.Nc3 e6 5.e3 Nbd7 6.Qc2 Bd6 7.Bd3 O-O 8.O-O h6
9.Rd1 Qe7 10.e4 dxe4 11.Nxe4 Nxe4 12.Bxe4 Nf6 13.c5 Nxe4 14.Qxe4 Bc7 15.Bf4 Bxf4
16.Qxf4 Rd8 17.Ne5 Qc7 18.Qe4 Rd5 19.Rac1 Bd7 20.Rd3 Rd8 21.h4 Be8 22.Rcc3 b6
23.b4 b5 24.Ra3 f6 25.Nf3 Qd7 26.Re3 Bf7 27.Ra6 Re8 28.Rea3 Re7 29.Qf4 e5
30.dxe5 fxe5 31.Qg3 Qf5 32.Rxa7 Rxa7 33.Rxa7 e4 34.Ne1 Rd1 35.Qe3 Qe5 36.h5 Bd5
37.f4 Qa1 38.Kf2 Qb2+ 39.Kg3 Qxb4 40.Nc2 Qc4 41.Kh2 Qf1 42.Nb4 Qh1+ 43.Kg3 Qxh5
44.Qc3 Qg6+ 45.Kh2 Qg4 46.Ra3 Qxf4+ 47.Qg3 Qxg3+ 48.Kxg3 Rc1 49.Na6 Rc2 50.Kf4 Rxg2
51.Nb4 Rd2 52.Ke3 Rd1 53.Rc3 Kf7 54.a4 bxa4 55.Ra3 Rc1 56.Rxa4 Rxc5 57.Ra7+ Kf6
58.Rc7 Rc3+ 59.Kf4 g5+ 60.Kg4 Be6+  0-1

[Event "Pula op 13th"]
[Site "Pula"]
[Date "1999.06.05"]
[Round "7"]
[White "Jakovljevic, Vlado"]
[Black "Waldmann, Gerald"]
[Result "1-0"]
[WhiteElo "2296"]
[BlackElo "2155"]

1.Nf3 d5 2.d4 Nf6 3.c4 c6 4.Nc3 e6 5.e3 Nbd7 6.Bd3 dxc4 7.Bxc4 b5 8.Bd3 a6
9.e4 c5 10.d5 Qc7 11.dxe6 fxe6 12.O-O Bb7 13.Bc2 Bd6 14.Qe2 O-O 15.Ng5 Rfe8
16.f4 e5 17.f5 Nf8 18.b3 Rac8 19.Be3 h6 20.Nf3 Ng4 21.Bd2 Nf6 22.a4 c4 23.axb5 axb5
24.Kh1 Qc5 25.Ra5 cxb3 26.Bxb3+ Kh7 27.Qe1 Kh8 28.Qh4 N8h7 29.Rb1 Qc6 30.Rxb5 Ba6
31.Ba4 Qc4 32.Rb6 Red8 33.Bd1 Rb8 34.Be2 Rxb6 35.Rxb6 Qxe2 36.Nxe2 Bxe2 37.Qe1 Bd3
38.Bb4 Bb8 39.Bc3 Bc2 40.Nd2 Bd3  1-0

[Event "Beersheba-Peterburg Kings m"]
[Site "St Petersburg"]
[Date "1999.06.07"]
[Round "3"]
[White "Avrukh, Boris"]
[Black "Ivanov, Sergey"]
[Result "1-0"]
[WhiteElo "2609"]
[BlackElo "2528"]

1.d4 d5 2.c4 e6 3.Nc3 c6 4.e3 Nf6 5.Nf3 Nbd7 6.Bd3 dxc4 7.Bxc4 b5 8.Bd3 a6
9.e4 c5 10.e5 cxd4 11.Nxb5 Nxe5 12.Nxe5 axb5 13.Bxb5+ Bd7 14.Nxd7 Qa5+ 15.Bd2 Qxb5
16.Nxf8 Rxf8 17.a4 Qc4 18.a5 Nd5 19.h4 Kd7 20.Ra4 Qd3 21.Rh3 Qe4+ 22.Kf1 Rfb8
23.Bc3 Nxc3 24.Rxd4+ Ke8 25.Rxc3 Qe5 26.Qa4+ Qb5+ 27.Qxb5+ Rxb5 28.b4 Rab8
29.Rc7 e5 30.Rg4 g6 31.a6 Ra8 32.a7 Rd5 33.Rgc4  1-0

[Event "Sigeman & Co"]
[Site "Malmoe"]
[Date "1999.06.09"]
[Round "2"]
[White "Agrest, Evgenij"]
[Black "Hector, Jonny"]
[Result "1-0"]
[WhiteElo "2533"]
[BlackElo "2542"]

1.d4 d5 2.c4 c6 3.Nc3 Nf6 4.e3 e6 5.Nf3 Nbd7 6.Qc2 Bd6 7.Be2 O-O 8.O-O e5
9.cxd5 cxd5 10.dxe5 Nxe5 11.Qb3 Bg4 12.Nd4 Bxe2 13.Ncxe2 Qd7 14.Bd2 a5 15.Bc3 a4
16.Qb5 Nc6 17.Qd3 Ne4 18.Nf3 a3 19.b3 Nxc3 20.Nxc3 Nb4 21.Qd2 Rac8 22.Rac1 Rfd8
23.Rfd1 Qe8 24.g3 Bf8 25.Nd4 g6 26.Nce2 Rxc1 27.Rxc1 Rc8 28.Rc3 Qd7 29.Rxc8 Qxc8
30.Nb5 Qf5 31.Nxa3 Nd3 32.Nd4 Qxf2+ 33.Qxf2 Nxf2 34.Kxf2 Bxa3 35.Ke2 Kf8
36.Nb5 Bc5 37.Nc7 d4 38.e4 Ke7 39.Kd3 Kd6 40.Nb5+ Ke5 41.a3 f5 42.exf5 Kxf5
43.b4 Be7 44.h3 Ke5 45.Nxd4 g5 46.Nb3 Kd5 47.Nd2 h5 48.Nc4 h4 49.g4 Bf8 50.Nd2 Ke5
51.Ke3 Kd5 52.Nf3 Be7 53.Kd3 Bf6 54.a4 Be7 55.b5 b6 56.Nd4 Bd8 57.Nc6 Bc7
58.Nb4+ Ke5 59.Ke3 Bd6 60.Nc6+ Kd5 61.a5 bxa5 62.Nxa5 Bf4+ 63.Kd3 Kc5 64.Nb3+ Kxb5
65.Nd4+ Kc5 66.Ke4 Kc4 67.Nf3 Bc1 68.Kf5 Kd3 69.Nxg5 Ke3 70.Ne4 Kf3 71.g5 Be3
72.g6 Bh6 73.Ng5+ Kg3 74.Kf6 Kf4 75.Nf7 Bf8 76.g7  1-0

[Event "Beersheba-Peterburg Kings m"]
[Site "St Petersburg"]
[Date "1999.06.09"]
[Round "5"]
[White "Greenfeld, Alon"]
[Black "Ivanov, Sergey"]
[Result "1-0"]
[WhiteElo "2521"]
[BlackElo "2528"]

1.c4 e6 2.Nc3 d5 3.d4 c6 4.e3 Nf6 5.Nf3 Nbd7 6.Bd3 dxc4 7.Bxc4 b5 8.Bd3 a6
9.e4 c5 10.e5 cxd4 11.Ne4 Nd5 12.O-O Qc7 13.a4 Nxe5 14.Nxe5 Qxe5 15.axb5 a5
16.Re1 Bb4 17.Nc3 Qd6 18.Nxd5 Bxe1 19.Qxe1 Bb7 20.Nf4 O-O 21.f3 e5 22.Qh4 g6
23.Nh3 f6 24.Bd2 a4 25.Nf2 Bd5 26.Ne4 Qe7 27.Rc1 a3 28.bxa3 Rxa3 29.b6 h5
30.Rc7 Qe6 31.b7 Rb3 32.Qg3 Qf5 33.Bc2 Rxb7 34.Nd6 h4 35.Qxh4 Rxc7 36.Nxf5 Rxc2
37.Ne7+ Kf7 38.Nxd5 Ke6 39.Bh6 Rb8 40.Qe1 Rbb2 41.Nf4+ Kf7 42.Nd3 Rxg2+ 43.Kf1 Ra2
44.Qb4 g5 45.Bf8 Kg6 46.Qe7 g4 47.Qg7+ Kf5 48.Qh7+ Ke6 49.Nc5+  1-0

[Event "Sigeman & Co"]
[Site "Malmoe"]
[Date "1999.06.10"]
[Round "3"]
[White "Gelfand, Boris"]
[Black "Lautier, Joel"]
[Result "1-0"]
[WhiteElo "2691"]
[BlackElo "2613"]

1.d4 d5 2.c4 c6 3.Nf3 Nf6 4.Nc3 e6 5.e3 Nbd7 6.Qc2 Bd6 7.Bd3 O-O 8.O-O h6
9.b3 b6 10.Bb2 Bb7 11.Rac1 dxc4 12.bxc4 c5 13.d5 exd5 14.Nxd5 Nxd5 15.cxd5 Bxd5
16.Rfd1 Bxf3 17.gxf3 Qc7 18.Bc4 Rad8 19.f4 Kh8 20.Qf5 f6 21.Kh1 Rfe8 22.Rg1 Re7
23.Rg6 Nf8 24.Rxh6+ gxh6 25.Bxf6+ Rg7 26.Bxg7+ Qxg7 27.Rg1  1-0

[Event "CCA ChessWise op"]
[Site "Stratton Mountain"]
[Date "1999.06.12"]
[Round "3"]
[White "Friedman, Josef"]
[Black "Belakovskaia, Anjelina"]
[Result "1-0"]
[WhiteElo "2176"]
[BlackElo "2286"]

1.d4 d5 2.c4 e6 3.Nc3 c6 4.Nf3 Nf6 5.e3 a6 6.Bd3 dxc4 7.Bxc4 b5 8.Bb3 c5
9.O-O Bb7 10.Qe2 Qb6 11.Rd1 Nc6 12.d5 exd5 13.e4 dxe4 14.Nxe4 Nxe4 15.Qxe4+ Be7
16.Bd5 Ra7 17.Ng5 Nd8 18.Bxb7 Rxb7 19.Bf4 Ne6 20.Nxe6 fxe6 21.Bd6 Rd7 22.Bxe7 Rxd1+
23.Rxd1 Kxe7 24.Qh4+ Ke8 25.Qh5+ g6 26.Qe5 Rf8 27.Rd6 Qa7 28.Rxe6+ Kf7 29.Rc6 Rd8
30.Qf6+  1-0

[Event "CCA ChessWise op"]
[Site "Stratton Mountain"]
[Date "1999.06.15"]
[Round "7"]
[White "Kalantarian, Norik"]
[Black "Kelleher, William"]
[Result "1/2-1/2"]
[WhiteElo "2381"]
[BlackElo "2387"]

1.d4 d5 2.c4 c6 3.Nf3 Nf6 4.Nc3 e6 5.e3 Nbd7 6.Qc2 Bd6 7.Be2 O-O 8.O-O e5
9.cxd5 cxd5 10.dxe5 Nxe5 11.Rd1 Qc7 12.h3 Nxf3+ 13.Bxf3 Bh2+ 14.Kh1 Be5 15.Bd2 Be6
16.Rac1 Rac8 17.Qb1 Qd7 18.Be1 Rfd8 19.Kg1 d4 20.exd4 Bxd4 21.Ne4 Nxe4 22.Rxc8 Qxc8
23.Qxe4 Bxb2 24.Rxd8+ Qxd8 25.Qxb7 Bd4  1/2-1/2

[Event "Sigeman & Co"]
[Site "Malmoe"]
[Date "1999.06.16"]
[Round "8"]
[White "Agrest, Evgenij"]
[Black "Lautier, Joel"]
[Result "1/2-1/2"]
[WhiteElo "2533"]
[BlackElo "2596"]

1.c4 c6 2.Nf3 Nf6 3.Nc3 d5 4.e3 e6 5.d4 Nbd7 6.Qc2 Bd6 7.Bd3 O-O 8.O-O dxc4
9.Bxc4 a6 10.Rd1 b5 11.Be2 Qc7 12.Ne4 Nxe4 13.Qxe4 e5 14.Qc2 Re8 15.Bd3 h6
16.Bd2 exd4 17.exd4 c5 18.Bh7+ Kh8 19.Be4 Rb8 20.dxc5 Nxc5 21.Bd5 Be6 22.Be3 Rbd8  1/2-1/2

[Event "EUCup99 (Women)"]
[Site "Nova Gorica"]
[Date "1999.06.28"]
[Round "1"]
[White "Khurtsidze, Nino"]
[Black "Dambravaite, Asta"]
[Result "1-0"]
[WhiteElo "2417"]
[BlackElo "2151"]

1.d4 d5 2.c4 e6 3.Nf3 Nf6 4.Nc3 c6 5.e3 Nbd7 6.b3 Be7 7.Bb2 b6 8.Bd3 Bb7
9.O-O O-O 10.e4 dxe4 11.Nxe4 Nxe4 12.Bxe4 Nf6 13.Bc2 c5 14.Ne5 Rc8 15.Re1 cxd4
16.Qd3 g6 17.Bxd4 Bc5 18.Rad1 Bxd4 19.Qxd4 Qxd4 20.Rxd4 Rfd8 21.Red1 Rxd4
22.Rxd4 Kg7 23.Bd3 Rc7 24.f4 Bc8 25.Kf2 Nd7 26.Ke3 Nxe5 27.fxe5 Rc5 28.Kf4 g5+
29.Kxg5 Rxe5+ 30.Kf4 Rc5 31.Rd8 e5+ 32.Ke3 Be6 33.g3 Rc7 34.Re8 h6 35.Be4 Rd7
36.Bc6 Rd6 37.Bb7 a5 38.Bc8 Bxc8 39.Rxc8 f5 40.c5 Re6 41.c6 Rd6 42.g4 fxg4
43.Ke4 Rd2 44.c7 Rc2 45.Kxe5 b5 46.Kd6 h5 47.Kd7  1-0

[Event "EUCup99 (Women)"]
[Site "Nova Gorica"]
[Date "1999.06.29"]
[Round "2"]
[White "Shumiakina, Tatiana"]
[Black "Kononenko, Tatiana"]
[Result "1-0"]
[WhiteElo "2407"]
[BlackElo "2295"]

1.d4 d5 2.c4 c6 3.Nc3 Nf6 4.e3 e6 5.Nf3 Nbd7 6.Bd3 dxc4 7.Bxc4 b5 8.Bd3 a6
9.O-O Bb7 10.e4 c5 11.d5 Qc7 12.Qe2 c4 13.Bc2 Bc5 14.dxe6 fxe6 15.e5 Ng4
16.Ng5 Ndxe5 17.Bf4 O-O-O 18.Nce4 Qe7 19.h3 h6 20.Nxe6 Qxe6 21.Nxc5 Qf6 22.Bg3 Bf3
23.gxf3 Nxf3+ 24.Kg2 Nge5 25.Qe4 Rd2 26.Qb7+ Kd8 27.Be4 Rf8 28.Rad1 Qd6 29.Bxf3 Rxf3
30.Qxf3  1-0

[Event "Ljubljana op 10th"]
[Site "Ljubljana"]
[Date "1999.06.30"]
[Round "6"]
[White "Kozul, Zdenko"]
[Black "Sveshnikov, Evgeny"]
[Result "0-1"]
[WhiteElo "2585"]
[BlackElo "2563"]

1.c4 e6 2.Nf3 d5 3.d4 Nf6 4.Nc3 c6 5.e3 Nbd7 6.Bd3 dxc4 7.Bxc4 b5 8.Bd3 b4
9.Na4 c5 10.dxc5 Nxc5 11.Nxc5 Bxc5 12.O-O Bb7 13.Qe2 O-O 14.e4 h6 15.Bf4 Qe7
16.Rad1 Rfd8 17.e5 Nd7 18.Nd2 Nf8 19.Ne4 Ng6 20.Bg3 Rd4 21.Bb1 Bxe4 22.Rxd4 Bxb1
23.Qf3 Rc8 24.Rd2 Bf5 25.Rfd1 Bb6 26.h3 Qc5 27.Qb7 Rf8 28.Kh2 h5 29.f4 Qe3
30.Bf2 Qxf4+ 31.Kg1 Be4 32.Qa6 Bc7 33.Qxa7 Bxe5 34.Kf1 Bd5 35.b3 Rc8 36.Qa6 Rc3
37.Qe2 Bxg2+ 38.Kxg2 Qh2+  0-1

[Event "NOR-ch"]
[Site "Gausdal"]
[Date "1999.07.03"]
[Round "1"]
[White "Groenn, Atle"]
[Black "Moen, Andreas"]
[Result "1/2-1/2"]
[WhiteElo "2310"]
[BlackElo "2235"]

1.Nf3 d5 2.c4 c6 3.d4 Nf6 4.Nc3 e6 5.e3 Bd6 6.Bd3 Nbd7 7.e4 dxe4 8.Nxe4 Nxe4
9.Bxe4 Nf6 10.Bc2 Bb4+ 11.Bd2 Qa5 12.a3 Bxd2+ 13.Qxd2 Qxd2+ 14.Kxd2 O-O 15.Ne5 Rd8
16.Kc3 Ne8 17.Rad1 f6 18.Nd3 Nc7 19.Rhe1 b6 20.Nb4 Bb7 21.Be4 Rd6 22.c5 bxc5
23.dxc5 Rxd1 24.Rxd1 Nd5+ 25.Bxd5 cxd5 26.f4 Rc8 27.Kd4 g5 28.g3 Kf7 29.Rc1 a5
30.Nd3 gxf4 31.gxf4 Ba6 32.Rc3 Ke7 33.Nf2 Rb8 34.b3 Rg8 35.Rg3 Rxg3 36.hxg3 h5
37.Nd1 Kd7 38.f5 exf5 39.Ne3 f4 40.gxf4 Bb7 41.Nf5 Kc7 42.Ke3 Bc8 43.Nd4 Bg4
44.f5 h4 45.Kf4 h3 46.Kg3 Kb7 47.b4 axb4 48.axb4 Ka6 49.Kh2 Ka7 50.b5 Kb7
51.Kg3 Ka7 52.Nc6+ Kb7 53.Nd4 Ka7 54.b6+ Ka6 55.Kh2 Kb7 56.Nb5 Kc6 57.Kg3 Kb7
58.Nd6+ Kc6 59.b7 Kc7 60.c6 Kb8 61.Kh2 d4 62.Ne4 Bf3 63.Nxf6 Bxc6 64.Ng4 Kxb7
65.f6 Bd5 66.Kxh3 d3 67.Ne3 d2 68.Kg3 Kc6 69.Kf2 Kd6 70.Ke2 Bf3+ 71.Kxd2 Ke6  1/2-1/2

[Event "Swidnica op"]
[Site "Swidnica"]
[Date "1999.07.03"]
[Round "6"]
[White "Galinsky, Timofey"]
[Black "Filippov, Valerij"]
[Result "0-1"]
[WhiteElo "2396"]
[BlackElo "2574"]

1.d4 Nf6 2.Nf3 d5 3.c4 e6 4.Nc3 c6 5.e3 Nbd7 6.Bd3 dxc4 7.Bxc4 b5 8.Be2 a6
9.O-O Bb7 10.Bd2 c5 11.a4 b4 12.Na2 a5 13.Nc1 Be7 14.Nb3 O-O 15.Rc1 Qb6 16.Bb5 Rfd8
17.Qe2 cxd4 18.exd4 Bd5 19.Qd3 Ne4 20.Bf4 Bd6 21.Bxd6 Nxd6 22.Bxd7 Rxd7 23.Nc5 Rdd8
24.Rfd1 Nf5 25.Ne5 Rd6 26.Ne4 Bxe4 27.Qxe4 Rad8 28.Nc6 Qb7 29.f3 Rf8 30.Rc5 g6
31.Kf2 Qd7 32.g4 Rd5 33.Rxd5 exd5 34.Qc2 Qd6 35.Rh1 Rc8 36.gxf5 Rxc6 37.Qd3 Qc7
38.Kg2 Rc2+ 39.Kh3 Rxb2 40.Qb5 Qf4 41.Qxd5 Rf2 42.Qd8+ Kg7 43.f6+ Kh6  0-1

[Event "Haarlem AKN op 8th"]
[Site "Haarlem"]
[Date "1999.07.04"]
[Round "5"]
[White "Van der Erf, Remco"]
[Black "Smeets, Jan"]
[Result "1-0"]
[WhiteElo "2206"]
[BlackElo "2193"]

1.d4 d5 2.c4 c6 3.Nf3 e6 4.e3 Nf6 5.Nc3 Nbd7 6.Bd3 Be7 7.O-O b6 8.b3 Bb7
9.Bb2 Qc7 10.Qe2 Rd8 11.Rfe1 O-O 12.e4 dxe4 13.Nxe4 c5 14.Neg5 h6 15.Nxe6 fxe6
16.Qxe6+ Rf7 17.Bg6 Rf8 18.d5 Bc8 19.Qc6 Bd6 20.Re6 Ne8 21.Bxf7+ Kxf7 22.Rxd6 Qxd6
23.Qxc8 Nc7 24.Ne5+  1-0

[Event "Haarlem AKN op 8th"]
[Site "Haarlem"]
[Date "1999.07.04"]
[Round "6"]
[White "Grooten, Herman"]
[Black "Dgebuadze, Alexandre"]
[Result "0-1"]
[WhiteElo "2412"]
[BlackElo "2510"]

1.d4 Nf6 2.c4 e6 3.Nf3 d5 4.Nc3 c6 5.e3 Nbd7 6.Qc2 Bd6 7.Be2 O-O 8.O-O dxc4
9.Bxc4 b5 10.Be2 Bb7 11.b3 h6 12.Bb2 Re8 13.Rad1 Qc7 14.h3 a6 15.e4 e5 16.dxe5 Nxe5
17.Nh4 Ned7 18.Nf5 Be5 19.Bf3 Rad8 20.g3 h5 21.Bg2 g6 22.f4 Bxc3 23.Qxc3 b4
24.Qf3 gxf5 25.Rxd7 Nxd7 26.Qxh5 f6 27.Qg6+ Kf8 28.Qh6+ Ke7 29.Qh7+ Kd6 30.Rd1+ Kc5
31.Bd4+ Kb5 32.Bf1+ Ka5 33.Bc5 Rxe4 34.Qxf5 Re5 35.fxe5 Nxc5 36.Rxd8 Qxd8
37.exf6 Kb6 38.f7 Qf8 39.Qg6 Nd7 40.Bc4 Qc5+ 41.Kg2 Kc7 42.h4 Qe7 43.h5 c5+
44.Kh3 Nf8 45.Qh6 Qd7+ 46.g4 Qe7 47.Qf4+ Kb6 48.Qf5 Be4 49.Qc8 Bb7 50.Qe8 Qd6
51.Qe3 Qc6 52.Kh4 Qd6 53.Qf2  0-1

[Event "Swidnica op"]
[Site "Swidnica"]
[Date "1999.07.04"]
[Round "7"]
[White "Simantsev, Mikhail"]
[Black "Miroshnichenko, Evgeny"]
[Result "1-0"]
[WhiteElo "2409"]
[BlackElo "2500"]

1.d4 Nf6 2.c4 c6 3.Nc3 d5 4.Nf3 e6 5.e3 Nbd7 6.Qc2 Bd6 7.Be2 O-O 8.O-O dxc4
9.Bxc4 b5 10.Be2 Bb7 11.Rd1 Qb8 12.e4 e5 13.g3 Re8 14.Bg5 b4 15.dxe5 Bxe5
16.Nxe5 Rxe5 17.Bxf6 Nxf6 18.Na4 Nxe4 19.f3 Nxg3 20.hxg3 Rg5 21.Bf1 c5 22.Bg2 Qxg3
23.Qf2 Qxf3 24.Qxf3 Bxf3 25.Rd2 c4 26.a3 h5 27.Kh2 Rxg2+ 28.Rxg2 Bxg2 29.Kxg2 Rb8
30.axb4 Rxb4 31.Ra2 g5 32.Nc3 Kg7 33.Nd1 Kg6 34.Rxa7 h4 35.Rc7 f5 36.Rc5 g4
37.Ne3 Rxb2+ 38.Kg1 Rb1+ 39.Kf2 Rb2+ 40.Kg1 Rb1+ 41.Kf2 g3+ 42.Kf3 Rb2 43.Nxf5 Rf2+
44.Kg4 Rxf5 45.Rxf5 h3 46.Rg5+ Kf6 47.Rf5+ Ke6 48.Rf1 Ke5 49.Kxh3 Ke4 50.Kxg3 Kd3
51.Kf3 Kd2 52.Ke4 c3 53.Rf2+  1-0

[Event "NOR-ch"]
[Site "Gausdal"]
[Date "1999.07.05"]
[Round "4"]
[White "Fyllingen, Roy Harald"]
[Black "Christenson, Flemming"]
[Result "1/2-1/2"]
[WhiteElo "2410"]
[BlackElo "2223"]

1.d4 d5 2.c4 c6 3.Nc3 e6 4.e3 Nf6 5.Nf3 Nbd7 6.Qc2 b6 7.cxd5 exd5 8.Bd3 Bb7
9.O-O Be7 10.Bd2 O-O 11.Ne5 Rc8 12.Nxd7 Nxd7 13.Bxh7+ Kh8 14.Bd3 c5 15.f4 Bf6
16.Qd1 Kg8 17.Ne2 Re8 18.Rf3 Be7 19.Rh3 Nf6 20.Ng3 g6 21.Bc3 c4 22.Bc2 b5
23.f5 Kg7 24.fxg6 fxg6 25.Qf3 Rh8 26.Rxh8 Qxh8 27.Qf4 Qh6 28.Qxh6+ Kxh6 29.Rf1 Rf8
30.Rf3 b4 31.Bd2 Ne4 32.Rxf8 Bxf8 33.Nxe4 dxe4 34.Kf2 Bc6 35.Bd1 Kg5 36.g3 a5
37.h4+ Kf6 38.g4 Bd6 39.Bc1 Bd5 40.a3 Kf7  1/2-1/2

[Event "SVK-ch"]
[Site "Nove Zamky"]
[Date "1999.07.10"]
[Round "8"]
[White "Gorusa, Miroslav"]
[Black "Vojtek, Vladimir"]
[Result "0-1"]
[WhiteElo "2093"]
[BlackElo "2386"]

1.d4 Nf6 2.c4 e6 3.Nf3 d5 4.Nc3 c6 5.e3 Nbd7 6.Bd3 dxc4 7.Bxc4 b5 8.Bd3 Bb7
9.O-O a6 10.e4 c5 11.d5 c4 12.Bc2 Qc7 13.dxe6 fxe6 14.e5 Nxe5 15.Nxe5 Qxe5
16.Re1 Qd6 17.Qxd6 Bxd6 18.Rxe6+ Kd7 19.Re1 Rhe8 20.Bg5 Kc7 21.Rad1 Re5 22.Rxe5 Bxe5
23.Re1 Bd6 24.Bh4 Rf8 25.f3 b4 26.Ne4 Nxe4 27.Bxe4 Bxe4 28.Rxe4 Rf4 29.Bg5 Rxe4
30.fxe4 a5 31.h3 a4 32.Bc1 b3 33.axb3 cxb3 34.Kf2 Be5 35.Kf3 Kd6  0-1

[Event "Politiken Cup"]
[Site "Copenhagen"]
[Date "1999.07.11"]
[Round "8"]
[White "Mah, Karl"]
[Black "Pedersen, Steffen"]
[Result "1-0"]
[WhiteElo "2316"]
[BlackElo "2427"]

1.d4 d5 2.c4 c6 3.Nf3 Nf6 4.Nc3 e6 5.e3 Nbd7 6.Qc2 Bd6 7.b3 O-O 8.Be2 e5
9.cxd5 cxd5 10.Nb5 Bb4+ 11.Bd2 Bxd2+ 12.Nxd2 e4 13.Rc1 Nb6 14.O-O Bd7 15.a4 Rc8
16.Qa2 a6 17.Nc3 Qe7 18.Ndb1 Na8 19.Qa3 Qe6 20.a5 Nc7 21.Qb4 Bc6 22.Na4 Bb5
23.Nbc3 Bxe2 24.Nxe2 Nb5 25.Nb6 Rcd8 26.Rc5 Na7 27.Nf4 Qe7 28.Qa4 Nb5 29.Nfxd5 Nxd5
30.Nxd5 Rxd5 31.Rxd5 Nc3 32.Rd7 Qe8 33.Qc4 Qxd7 34.Qxc3 Rc8 35.Qd2 g6 36.Rc1 Rxc1+
37.Qxc1 Qd5 38.Qc3 h5 39.h4 Qb5 40.b4 Kh7 41.Qc7 Kg7 42.Qe5+ Qxe5 43.dxe5 f6
44.exf6+ Kxf6 45.f3 Ke5 46.Kf2 exf3 47.Kxf3  1-0